Akadémia hoteliera: Vyhnite sa chybám druhých
Rady hotelierom v ich podnikaní. Dôležité je vopred nastaviť stratégiu biznisu. Vytvorenie finančnej rezervy na štartovaciu prevádzku. Profesionalita presonálu aj majiteľov priláka viac zákazníkov. Výber personálu patrí k najdôležitejším faktorom úspechu. Investícia do vyškolenia personálu sa vráti...
Salvato in:
| Autore principale: | |
|---|---|
| Natura: | Capitolo di libro |
| Lingua: | slovacco |
| Soggetti: | |
| Tags: |
Nessun Tag, puoi essere il primo ad aggiungerne!!
|
MARC
| LEADER | 00000naa a2200000 4500 | ||
|---|---|---|---|
| 001 | 0214629 | ||
| 005 | 20231011130424.4 | ||
| 041 | 0 | |a slo | |
| 044 | |a SK | ||
| 245 | 1 | 0 | |a Akadémia hoteliera: Vyhnite sa chybám druhých |c Iveta Pupišová |
| 520 | |a Rady hotelierom v ich podnikaní. Dôležité je vopred nastaviť stratégiu biznisu. Vytvorenie finančnej rezervy na štartovaciu prevádzku. Profesionalita presonálu aj majiteľov priláka viac zákazníkov. Výber personálu patrí k najdôležitejším faktorom úspechu. Investícia do vyškolenia personálu sa vráti niekoľkonásobne. | ||
| 610 | 2 | 0 | |a ruch cestovný |
| 610 | 2 | 0 | |a hotely |
| 610 | 2 | 0 | |a podnikanie |
| 610 | 2 | 0 | |a personál |
| 610 | 2 | 0 | |a zamestnanci |
| 610 | 2 | 0 | |a vzdelávanie |
| 610 | 2 | 0 | |a investície |
| 100 | 1 | |a Pupišová, Iveta | |